Polskie miasta powyżej 30 000 mieszkańców (Polish cities) - Statystyki

Ogólne statystyki
  • Ten quiz został rozwiązany 111 razy
  • Średni wynik to 110 z 149
Statystyki odpowiedzi
Ludność Województwo Miasto % Poprawnych
286 960 śląskie Katowice
99%
782 137 małopolskie Kraków
99%
1 795 569 mazowieckie Warszawa
99%
642 687 dolnośląskie Wrocław
99%
339 053 kujawsko-pomorskie Bydgoszcz
97%
214 342 śląskie Częstochowa
97%
470 621 pomorskie Gdańsk
97%
243 918 pomorskie Gdynia
97%
664 071 łódzkie Łódź
97%
336 339 lubelskie Lublin
97%
127 077 opolskie Opole
97%
529 410 wielkopolskie Poznań
97%
198 609 podkarpackie Rzeszów
97%
395 513 zachodniopomorskie Szczecin
97%
295 683 podlaskie Białystok
96%
120 087 lubuskie Gorzów Wielkopolski
96%
191 448 świętokrzyskie Kielce
96%
169 793 warmińsko-mazurskie Olsztyn
96%
196 935 kujawsko-pomorskie Toruń
96%
140 403 lubuskie Zielona Góra
96%
117 390 warmińsko-mazurskie Elbląg
94%
104 994 zachodniopomorskie Koszalin
94%
97 300 dolnośląskie Legnica
94%
116 962 mazowieckie Płock
94%
206 946 mazowieckie Radom
94%
77 366 dolnośląskie Jelenia Góra
93%
194 818 śląskie Sosnowiec
93%
105 922 małopolskie Tarnów
93%
175 102 śląskie Gliwice
91%
125 781 śląskie Tychy
91%
108 222 dolnośląskie Wałbrzych
91%
168 946 śląskie Zabrze
91%
105 628 śląskie Chorzów
90%
70 713 kujawsko-pomorskie Inowrocław
90%
88 835 pomorskie Słupsk
90%
62 021 lubelskie Zamość
90%
168 319 śląskie Bielsko-Biała
88%
161 139 śląskie Bytom
88%
97 905 wielkopolskie Kalisz
88%
69 206 podlaskie Suwałki
88%
61 677 warmińsko-mazurskie Ełk
87%
62 019 podlaskie Łomża
87%
58 721 podkarpackie Przemyśl
87%
106 928 kujawsko-pomorskie Włocławek
87%
83 116 małopolskie Nowy Sącz
85%
135 008 śląskie Ruda Śląska
85%
60 231 lubelskie Chełm
84%
116 971 śląskie Dąbrowa Górnicza
84%
92 552 kujawsko-pomorskie Grudziądz
84%
45 713 zachodniopomorskie Kołobrzeg
84%
71 427 wielkopolskie Konin
84%
45 463 podkarpackie Krosno
84%
34 909 pomorskie Sopot
84%
56 498 lubelskie Biała Podlaska
82%
70 815 dolnośląskie Lubin
82%
65 400 dolnośląskie Głogów
81%
74 085 śląskie Mysłowice
81%
66 258 świętokrzyskie Ostrowiec Świętokrzyski
81%
62 750 mazowieckie Pruszków
81%
67 293 zachodniopomorskie Stargard
81%
62 848 śląskie Żory
81%
66 769 wielkopolskie Gniezno
79%
71 846 wielkopolskie Piła
79%
71 252 łódzkie Piotrków Trybunalski
79%
135 994 śląskie Rybnik
79%
65 684 śląskie Siemianowice Śląskie
79%
40 467 zachodniopomorskie Świnoujście
79%
89 350 śląskie Jaworzno
78%
59 509 podkarpackie Mielec
78%
58 899 opolskie Kędzierzyn-Koźle
76%
70 982 wielkopolskie Ostrów Wielkopolski
76%
77 354 mazowieckie Siedlce
76%
47 031 łódzkie Skierniewice
76%
58 545 podkarpackie Stalowa Wola
76%
45 827 podkarpackie Tarnobrzeg
76%
86 632 śląskie Jastrzębie-Zdrój
75%
59 111 pomorskie Tczew
75%
55 583 łódzkie Bełchatów
74%
42 704 łódzkie Kutno
74%
51 012 mazowieckie Ostrołęka
74%
48 462 pomorskie Wejherowo
74%
54 974 łódzkie Zgierz
74%
62 200 wielkopolskie Leszno
72%
63 023 łódzkie Pabianice
72%
54 226 śląskie Piekary Śląskie
72%
34 778 opolskie Brzeg
69%
33 500 śląskie Cieszyn
69%
44 692 podkarpackie Dębica
69%
37 693 pomorskie Malbork
69%
44 078 mazowieckie Otwock
69%
48 688 mazowieckie Piaseczno
69%
46 768 pomorskie Starogard Gdański
69%
61 842 śląskie Tarnowskie Góry
69%
34 040 podkarpackie Jasło
68%
33 090 małopolskie Nowy Targ
68%
36 462 podkarpackie Sanok
68%
48 577 śląskie Świętochłowice
68%
55 183 śląskie Będzin
66%
53 205 mazowieckie Legionowo
66%
37 031 małopolskie Oświęcim
66%
40 891 łódzkie Sieradz
66%
43 422 świętokrzyskie Skarżysko-Kamienna
66%
60 529 łódzkie Tomaszów Mazowiecki
66%
47 073 śląskie Wodzisław Śląski
66%
48 108 śląskie Zawiercie
66%
30 313 śląskie Żywiec
66%
31 863 zachodniopomorskie Police
65%
46 304 lubelskie Puławy
65%
44 700 łódzkie Radomsko
65%
46 879 świętokrzyskie Starachowice
65%
36 559 lubuskie Żary
65%
33 003 warmińsko-mazurskie Iława
63%
40 754 mazowieckie Mińsk Mazowiecki
63%
55 413 dolnośląskie Świdnica
63%
38 174 lubelskie Świdnik
62%
39 423 pomorskie Chojnice
60%
43 495 mazowieckie Ciechanów
60%
36 563 podkarpackie Jarosław
60%
42 740 opolskie Nysa
60%
49 936 pomorskie Rumia
59%
39 474 zachodniopomorskie Szczecinek
59%
38 346 dolnośląskie Bolesławiec
57%
36 492 mazowieckie Wołomin
57%
34 864 pomorskie Lębork
56%
31 047 mazowieckie Mława
56%
32 440 warmińsko-mazurskie Ostróda
56%
30 732 śląskie Czeladź
54%
34 265 małopolskie Olkusz
54%
53 632 śląskie Racibórz
54%
40 730 łódzkie Zduńska Wola
54%
37 791 lubuskie Nowa Sól
53%
32 818 mazowieckie Grodzisk Mazowiecki
50%
37 975 pomorskie Kwidzyn
50%
31 949 pomorskie Pruszcz Gdański
50%
30 776 śląskie Myszków
49%
32 997 dolnośląskie Oława
49%
39 138 mazowieckie Żyrardów
46%
36 683 dolnośląskie Oleśnica
44%
35 651 małopolskie Chrzanów
43%
35 684 śląskie Czechowice-Dziedzice
43%
38 061 mazowieckie Marki
43%
41 047 śląskie Mikołów
43%
33 382 lubelskie Kraśnik
40%
32 346 dolnośląskie Dzierżoniów
38%
37 502 śląskie Knurów
38%
30 937 wielkopolskie Września
38%
39 420 mazowieckie Ząbki
38%
35 455 mazowieckie Sochaczew
35%
31 900 wielkopolskie Luboń
24%
Nie znaleziono quizów pasujących do podanych kryteriów
Rozkład punktacji
Procent ludzi z każdym wynikiem
Percentyl według liczby udzielonych odpowiedzi
Twoja historia wyników
Nie rozwiązałeś tego quizu